00298pam a2200109a 44500008004100000020002400041082001600065100001700081245004800098260003200146300001000178230405s2011 xxu||||| |||| 00| 0 eng d a9350252015cRs. 175 a616.89bSRE aSreevani, R. aMental Health Nursing Practical Record Book aNew DelhibJaypee Pubc2011 a284 p